00579nam a2200145Ia 4500999001700000041001200017082001200029100004300041245008700084260006000171300000900231650004000240942001200280952014100292 c27099d27099 aEnglish aRR.0296 aRastogi, KavitauUniversity of Lucknow 0aTalking trilingual dictionary of Raji :ban endangered language / cKavita Rastogi aNew Delhi :bIndian Council of Social Science Research, a27p. aSociology xDictionaries xPolyglot 2ddccBK 00102ddc40718IRPaNASSDOCbNASSDOCd2021-11-24eGifted by: RP Division ICSSRl0oRR.0296p51731r2021-12-21 00:00:00w2021-12-21yRP